Kinderfotos von Stars 2 - Statistiken

Allgemein
  • Dieses Quiz wurde 2.446 mal gespielt
  • Das Durchschnittsergebnis liegt bei 8 aus 12
Antwortstatistiken
Hint Antwort % Korrekt
Leonardo DiCaprio
97%
Samuel L. Jackson
84%
Benedict Cumberbatch
80%
George Clooney
75%
Denzel Washington
72%
Arnold Schwarzenegger
70%
Jack Black
70%
Eminem
67%
Elijah Wood
66%
Tom Hanks
58%
Henry Cavill
53%
Mads Mikkelsen
53%
Keine übereinstimmenden Quizze gefunden
Verteilung der Resultate
Anzahl Personen mit jedem Resultat
Perzentil nach korrekt beantworteten Fragen
Ihre Resultats-Entwicklung
Sie haben dieses Quiz noch nicht gespielt